| 000 | 00603nam a2200181 a 4500 | ||
|---|---|---|---|
| 001 | 000035531 | ||
| 005 | 20200930074418.0 | ||
| 008 | 111103s1992 sp d 000 0 spa d | ||
| 020 | _a8479780118 | ||
| 040 |
_aDO-SdBNP _bspa _cBNPHU |
||
| 082 |
_axxx _bL665 |
||
| 100 | 1 |
_aLevionnois, Michel _961421 |
|
| 240 | 1 | 0 |
_aMarketing interne et management des hommes _lespañol |
| 245 | 1 | 0 |
_aMarketing interno y gestión de recursos humanos / _cMichel Levionnois. |
| 260 |
_aMadrid, España : _bEdiciones Diaz de Santos, _c1992. |
||
| 300 |
_axiv, 145 p. : _bdiagrs. ; _c22 cm. |
||
| 500 | _aTraducido del francés | ||
| 999 |
_c35022 _d35022 |
||